[Event "Quebec-ch Elite"]
[Site "Montreal CAN"]
[Date "2011.10.08"]
[Round "3"]
[White "Cote-Lalumiere, Tristan"]
[Black "Ber, Yves"]
[Result "1-0"]
[WhiteElo "1894"]
[BlackElo "1979"]
[PlyCount "63"]
[GameId "2160767909648116"]
[EventDate "2011.10.07"]
[EventType "swiss"]
[EventRounds "7"]
[EventCountry "CAN"]
[SourceTitle "hb 2011"]

1. e4 e6 2. d4 b6 3. Nc3 Bb7 4. f3 Nf6 5. Bd3 Nc6 6. Be3 Be7 7. Qd2 e5 8. d5 Nb8 9. Nge2 O-O 10. O-O-O Bc5 11. g4 Bxe3 12. Qxe3 Ba6 13. h4 Ne8 14. Rdg1 c5 15. Bxa6 Nxa6 16. g5 Nac7 17. f4 exf4 18. Nxf4 Nd6 19. e5 Re8 20. Qg3 Nf5 21. Qh3 Nd4 22. d6 Ncb5 23. Nxb5 Nxb5 24. h5 Rxe5 25. g6 Nxd6 26. h6 hxg6 27. hxg7 Kxg7 28. Qh6+ Kf6 29. Rxg6+ fxg6 30. Qxg6+ Ke7 31. Rh7+ Kf8 32. Qg7+ 1-0

[Event "Quebec-ch Elite"]
[Site "Montreal CAN"]
[Date "2011.10.08"]
[Round "3"]
[White "Drolet, Stephane"]
[Black "Wu, Qiyou"]
[Result "1/2-1/2"]
[WhiteElo "2187"]
[BlackElo "1863"]
[PlyCount "79"]
[GameId "2160767909648117"]
[EventDate "2011.10.07"]
[EventType "swiss"]
[EventRounds "7"]
[EventCountry "CAN"]
[SourceTitle "hb 2011"]

1. d4 d5 2. Bf4 Nf6 3. e3 e6 4. Bd3 Be7 5. Nd2 Nbd7 6. Qf3 Nf8 7. h3 Ng6 8. Bg3 Bd6 9. O-O-O Bxg3 10. Qxg3 Qd6 11. Qxd6 cxd6 12. Ngf3 Bd7 13. h4 Ne7 14. c4 Nc6 15. a3 dxc4 16. Nxc4 Ke7 17. b4 Ng4 18. Rhf1 d5 19. Nce5 Ngxe5 20. dxe5 a6 21. e4 dxe4 22. Bxe4 Rac8 23. Kb2 Rc7 24. Rc1 Rhc8 25. Rc5 Na7 26. Rxc7 Rxc7 27. Bxh7 g6 28. h5 gxh5 29. Be4 Bc6 30. Bxc6 Nxc6 31. Rh1 Rd7 32. Kc2 Nd4+ 33. Nxd4 Rxd4 34. Rxh5 b5 35. g3 Rc4+ 36. Kd2 Rd4+ 37. Kc3 Rc4+ 38. Kd2 Rd4+ 39. Ke3 Rd1 40. Rh4 1/2-1/2

[Event "Quebec-ch Elite"]
[Site "Montreal CAN"]
[Date "2011.10.08"]
[Round "3"]
[White "Guo, Forest"]
[Black "Abreu Cordero, Jose"]
[Result "0-1"]
[WhiteElo "1917"]
[BlackElo "2063"]
[PlyCount "96"]
[GameId "2160767909648120"]
[EventDate "2011.10.07"]
[EventType "swiss"]
[EventRounds "7"]
[EventCountry "CAN"]
[SourceTitle "EXT 2022"]
[Source "ChessBase"]
[SourceDate "2021.10.06"]
[SourceVersion "1"]
[SourceVersionDate "2021.10.06"]
[SourceQuality "1"]

1. e4 c5 2. Nf3 Nc6 3. Bb5 a6 4. Bxc6 dxc6 5. O-O Bg4 6. d3 e5 7. Nbd2 f6 8. Re1 Bd6 9. Nf1 Ne7 10. h3 Be6 11. c3 O-O 12. d4 cxd4 13. cxd4 Bb4 14. Bd2 Bxd2 15. Qxd2 exd4 16. Qxd4 Qc7 17. b3 Rad8 18. Qc3 h6 19. Ng3 Rd7 20. Rad1 Rfd8 21. Rxd7 Qxd7 22. e5 f5 23. Ne2 Nd5 24. Qd2 Qe8 25. Nf4 Nxf4 26. Qxf4 c5 27. Re2 Rd1+ 28. Kh2 Qd8 29. Rd2 Rxd2 30. Nxd2 Qd3 31. Nc4 Bxc4 32. bxc4 g5 33. Qc1 Qd4 34. f4 Qxf4+ 35. Qxf4 gxf4 36. a4 Kf7 37. g3 f3 38. Kg1 Ke6 39. Kf2 Kxe5 40. Kxf3 Kd4 41. Kf4 Kxc4 42. Kxf5 Kd5 43. g4 c4 44. Kg6 c3 45. Kxh6 c2 46. g5 c1=Q 47. h4 Ke6 48. h5 Kf5 0-1

[Event "Quebec-ch Elite"]
[Site "Montreal CAN"]
[Date "2011.10.08"]
[Round "3"]
[White "Lepine, Cedric"]
[Black "Leutschaft, Martin"]
[Result "0-1"]
[WhiteElo "2098"]
[BlackElo "2155"]
[PlyCount "48"]
[GameId "2160767909648122"]
[EventDate "2011.10.07"]
[EventType "swiss"]
[EventRounds "7"]
[EventCountry "CAN"]
[SourceTitle "hb 2011"]

1. d4 d5 2. c4 c6 3. Nc3 Nf6 4. Nf3 g6 5. g3 Bg7 6. Bg2 O-O 7. O-O dxc4 8. a4 Na6 9. e4 Nb4 10. Ne5 Be6 11. Be3 Nd7 12. f4 Nxe5 13. dxe5 Qa5 14. f5 gxf5 15. exf5 Qxe5 16. Qf3 Bxf5 17. Qxf5 Qxe3+ 18. Kh1 e6 19. Qh5 Nd3 20. Ne4 f5 21. Ng5 h6 22. Nh3 Rad8 23. Rf3 Qe2 24. Bf1 Qe4 0-1

[Event "Quebec-ch Elite"]
[Site "Montreal CAN"]
[Date "2011.10.08"]
[Round "3"]
[White "Lopez Linares, Lizandro"]
[Black "Larochelle, Martial"]
[Result "1-0"]
[WhiteElo "2041"]
[BlackElo "2262"]
[PlyCount "77"]
[GameId "2160767909648123"]
[EventDate "2011.10.07"]
[EventType "swiss"]
[EventRounds "7"]
[EventCountry "CAN"]
[SourceTitle "EXT 2022"]
[Source "ChessBase"]
[SourceDate "2021.10.06"]
[SourceVersion "1"]
[SourceVersionDate "2021.10.06"]
[SourceQuality "1"]

1. d4 Nf6 2. c4 g6 3. Nc3 d5 4. cxd5 Nxd5 5. e4 Nxc3 6. bxc3 Bg7 7. Bb5+ c6 8. Ba4 b5 9. Bb3 b4 10. Qf3 O-O 11. Ne2 bxc3 12. Qxc3 Ba6 13. Be3 Qb6 14. e5 Qb5 15. Qc2 e6 16. a4 Qb4+ 17. Bd2 Qe7 18. Bc4 c5 19. Bxa6 Nxa6 20. Qc4 Qb7 21. O-O cxd4 22. Rab1 Qc8 23. Qxd4 Rd8 24. Qe3 Bxe5 25. Qxe5 Rxd2 26. Ng3 Qc5 27. Qf4 Qd6 28. Qf3 Rd5 29. Ne4 Qe5 30. Nf6+ Kg7 31. Nxd5 exd5 32. Rfe1 Qd6 33. Rb7 Rf8 34. Ree7 Qf6 35. Qxf6+ Kxf6 36. Rxa7 Nc5 37. f4 Nxa4 38. g4 h6 39. g5+ 1-0

[Event "Quebec-ch Elite"]
[Site "Montreal CAN"]
[Date "2011.10.08"]
[Round "3"]
[White "MacKinnon, Keith"]
[Black "Libersan, Thierry"]
[Result "1-0"]
[WhiteElo "2241"]
[BlackElo "2119"]
[PlyCount "45"]
[GameId "2160767909648124"]
[EventDate "2011.10.07"]
[EventType "swiss"]
[EventRounds "7"]
[EventCountry "CAN"]
[SourceTitle "hb 2011"]

1. e4 c5 2. Nf3 e6 3. d4 cxd4 4. Nxd4 Nc6 5. Nc3 Qc7 6. Be2 a6 7. O-O Nf6 8. Be3 Be7 9. Kh1 d6 10. a4 Bd7 11. f4 O-O 12. Qe1 Rfe8 13. Qg3 Bf8 14. a5 Nxa5 15. e5 Nd5 16. Ne4 Nc6 17. exd6 Qd8 18. Nxc6 Bxc6 19. Bd4 f5 20. Ng5 Qxd6 21. Bh5 g6 22. Nxh7 e5 23. fxe5 1-0

[Event "Quebec-ch Elite"]
[Site "Montreal CAN"]
[Date "2011.10.08"]
[Round "3"]
[White "Seguin, Rene"]
[Black "Nikulich, Oleksandr"]
[Result "1-0"]
[WhiteElo "1954"]
[BlackElo "1899"]
[PlyCount "95"]
[GameId "2160767909648125"]
[EventDate "2011.10.07"]
[EventType "swiss"]
[EventRounds "7"]
[EventCountry "CAN"]
[SourceTitle "hb 2011"]

1. c4 Nf6 2. g3 c5 3. Bg2 g6 4. Nf3 Bg7 5. d4 cxd4 6. Nxd4 Nc6 7. Nc3 O-O 8. Nc2 d6 9. O-O Be6 10. Nd5 Ne5 11. b3 Rb8 12. Nd4 Bd7 13. Bb2 Nxd5 14. cxd5 Qb6 15. Qd2 Rfc8 16. h3 Be8 17. Kh2 Rc7 18. Rac1 Rbc8 19. Rxc7 Rxc7 20. e3 Nd7 21. Bc3 Nc5 22. Ba5 Qa6 23. Bxc7 b6 24. Rc1 Qb7 25. b4 Na6 26. Bxd6 exd6 27. Nc6 Bxc6 28. dxc6 Qc7 29. a3 Qe7 30. Rd1 Bf8 31. Qd3 Nc7 32. b5 Qe5 33. a4 h5 34. Bd5 h4 35. Qxg6+ Kh8 36. Bxf7 hxg3+ 37. Qxg3 Qxg3+ 38. fxg3 Kg7 39. Rf1 d5 40. Bh5 Bd6 41. Rf7+ Kg8 42. Rd7 Be5 43. Bf7+ Kf8 44. Bxd5 Ke8 45. Bc4 Kf8 46. Kg2 Ne8 47. Rf7+ Kg8 48. Rf5+ 1-0

[Event "Quebec-ch Elite"]
[Site "Montreal CAN"]
[Date "2011.10.08"]
[Round "3"]
[White "Sprumont, Oscar"]
[Black "Le Duin, Thierry"]
[Result "1-0"]
[WhiteElo "1676"]
[BlackElo "2011"]
[PlyCount "49"]
[GameId "2160767909648126"]
[EventDate "2011.10.07"]
[EventType "swiss"]
[EventRounds "7"]
[EventCountry "CAN"]
[SourceTitle "EXT 2022"]
[Source "ChessBase"]
[SourceDate "2021.10.06"]
[SourceVersion "1"]
[SourceVersionDate "2021.10.06"]
[SourceQuality "1"]

1. e4 d5 2. exd5 Nf6 3. d4 Bg4 4. Nf3 Qxd5 5. Nc3 Qh5 6. Be2 Nc6 7. h3 O-O-O 8. O-O e5 9. Ng5 Bxe2 10. Qxe2 exd4 11. Qxh5 Nxh5 12. Nxf7 dxc3 13. Nxh8 Ne5 14. bxc3 Bd6 15. f4 Bc5+ 16. Kh2 Rf8 17. g4 Nc4 18. gxh5 Rxh8 19. f5 Re8 20. h6 Bf8 21. hxg7 Bxg7 22. f6 Re2+ 23. Kh1 Bf8 24. f7 Kd7 25. Bg5 1-0

[Event "Quebec-ch Elite"]
[Site "Montreal CAN"]
[Date "2011.10.09"]
[Round "3"]
[White "Robichaud, Louis"]
[Black "Zhu, Hong Rui"]
[Result "0-1"]
[WhiteElo "2157"]
[BlackElo "2101"]
[PlyCount "78"]
[GameId "2160767909648127"]
[EventDate "2011.10.07"]
[EventType "swiss"]
[EventRounds "7"]
[EventCountry "CAN"]
[SourceTitle "EXT 2022"]
[Source "ChessBase"]
[SourceDate "2021.10.06"]
[SourceVersion "1"]
[SourceVersionDate "2021.10.06"]
[SourceQuality "1"]

1. e4 c5 2. Nc3 g6 3. g3 Bg7 4. Bg2 Nc6 5. d3 e6 6. f4 Nge7 7. Nf3 d5 8. e5 a6 9. O-O O-O 10. a3 b6 11. Re1 Bd7 12. Ne2 Rc8 13. c4 b5 14. b3 Rb8 15. Nc3 Qc7 16. Nd2 dxc4 17. bxc4 Rfd8 18. Nde4 Nd4 19. Be3 Nef5 20. g4 Nxe3 21. Rxe3 bxc4 22. dxc4 Bc6 23. Rd3 Bxe4 24. Nxe4 Rb2 25. Kh1 Bf8 26. Qf1 Be7 27. g5 Nf5 28. Kg1 Rd4 29. Rad1 Qb6 30. Nf6+ Bxf6 31. gxf6 h6 32. Qf3 Rxd3 33. Qxd3 Nd4 34. Qe4 Qb3 35. Rf1 Kh7 36. Kh1 Qc2 37. Qa8 Nf5 38. Rg1 Qe2 39. Qf8 Ng3+ 0-1

[Event "Quebec-ch Elite"]
[Site "Montreal CAN"]
[Date "2011.10.09"]
[Round "4"]
[White "Abreu Cordero, Jose"]
[Black "Cote-Lalumiere, Tristan"]
[Result "0-1"]
[WhiteElo "2063"]
[BlackElo "1894"]
[PlyCount "122"]
[GameId "2160767909648128"]
[EventDate "2011.10.07"]
[EventType "swiss"]
[EventRounds "7"]
[EventCountry "CAN"]
[SourceTitle "EXT 2022"]
[Source "ChessBase"]
[SourceDate "2021.10.06"]
[SourceVersion "1"]
[SourceVersionDate "2021.10.06"]
[SourceQuality "1"]

1. d4 Nf6 2. c4 c5 3. d5 b5 4. cxb5 a6 5. bxa6 Bxa6 6. Nc3 d6 7. Nf3 g6 8. Nd2 Qa5 9. e4 Bxf1 10. Kxf1 Bg7 11. g3 O-O 12. Kg2 Nbd7 13. Qc2 Rfb8 14. Rb1 Ne8 15. a3 Nc7 16. Nc4 Qa6 17. b3 Ne5 18. Nxe5 Bxe5 19. Ne2 Nb5 20. a4 Nd4 21. Nxd4 Bxd4 22. Rd1 Rb7 23. Rd3 Rab8 24. Bd2 Bf6 25. Rf3 Rb6 26. h4 Qb7 27. Qc4 Ra8 28. Rh1 Rb8 29. Rb1 Ra8 30. Re1 Bd4 31. Rb1 Qd7 32. Re1 Qb7 33. Rd3 Bf6 34. f4 Qc7 35. Re2 Rb7 36. Be1 h5 37. Ra2 Qd7 38. a5 Rb5 39. Re3 Qb7 40. Kh2 Rb8 41. e5 Bg7 42. a6 Qb6 43. a7 Ra8 44. exd6 exd6 45. Kg2 Bf6 46. Kf3 Qb7 47. Ke2 Kh7 48. Qa4 Bd4 49. Rd3 Qe7+ 50. Kd1 Rb7 51. Re2 Qd7 52. Rxd4 cxd4 53. Qxd4 Rbxa7 54. Bc3 Rg8 55. Qf6 Qb7 56. Ke1 Qxb3 57. Re8 Rxe8+ 58. Kd2 Ra2+ 59. Kd3 Qxd5+ 60. Bd4 Qe4+ 61. Kc3 Qc2+ 0-1

[Event "Quebec-ch Elite"]
[Site "Montreal CAN"]
[Date "2011.10.09"]
[Round "4"]
[White "Auger, Bertrand"]
[Black "Gagnon, Serge"]
[Result "0-1"]
[WhiteElo "1931"]
[BlackElo "2121"]
[PlyCount "74"]
[GameId "2160767909648129"]
[EventDate "2011.10.07"]
[EventType "swiss"]
[EventRounds "7"]
[EventCountry "CAN"]
[SourceTitle "hb 2011"]

1. Nf3 g6 2. c4 Bg7 3. Nc3 e5 4. g3 d6 5. Bg2 f5 6. d3 Ne7 7. O-O O-O 8. Qc2 c6 9. b3 Na6 10. Bb2 Nc7 11. Rac1 Ne6 12. e3 g5 13. c5 d5 14. Ne2 Ng6 15. d4 e4 16. Ne5 g4 17. Nf4 Qe8 18. h4 Nxe5 19. dxe5 Nc7 20. Qc3 Nb5 21. Qa5 Bxe5 22. Bxe5 Qxe5 23. Rfd1 Nc7 24. Bf1 Bd7 25. Qd2 Rfb8 26. Qd4 Qxd4 27. Rxd4 Kf7 28. Be2 Ke7 29. b4 b6 30. a3 a5 31. Rc3 axb4 32. axb4 Ra1+ 33. Kg2 bxc5 34. Rxc5 Rb1 35. b5 Nxb5 36. Nxd5+ cxd5 37. Rdxd5 Nd6 0-1

[Event "Quebec-ch Elite"]
[Site "Montreal CAN"]
[Date "2011.10.09"]
[Round "4"]
[White "Ber, Yves"]
[Black "Gueorguiev, Valentin"]
[Result "0-1"]
[WhiteElo "1979"]
[BlackElo "1973"]
[PlyCount "94"]
[GameId "2160767909648130"]
[EventDate "2011.10.07"]
[EventType "swiss"]
[EventRounds "7"]
[EventCountry "CAN"]
[SourceTitle "hb 2011"]

1. d4 g6 2. c4 Bg7 3. Nc3 c5 4. d5 d6 5. e4 Qa5 6. Bd2 Qb6 7. Rb1 f5 8. Bd3 fxe4 9. Bxe4 Nf6 10. Bf3 Bf5 11. Rc1 Qxb2 12. g4 Bd3 13. Be2 Bxe2 14. Qxe2 Qb6 15. Nh3 Na6 16. Ng5 Nc7 17. O-O O-O 18. Rb1 Qa6 19. Nb5 Nxb5 20. Qe6+ Kh8 21. Rxb5 Qxa2 22. Rxb7 Qxd2 23. Qxe7 Ne8 24. Ne6 Qe2 25. Nxf8 Qxe7 26. Nxg6+ hxg6 27. Rxe7 a5 28. g5 a4 29. Rfe1 Be5 30. f4 Bd4+ 31. Kg2 Ng7 32. R1e2 a3 33. Ra2 Nf5 34. Re6 Ra7 35. Kf3 Kg7 36. Re8 Bb2 37. Rb8 Nd4+ 38. Kg4 Bc3 39. h4 Nf5 40. h5 Ne3+ 41. Kf3 Nxc4 42. hxg6 Kxg6 43. Rg8+ Kf7 44. Rd8 Ra6 45. Rd7+ Kg6 46. Re2 Ne5+ 47. fxe5 Bxe5 0-1

[Event "Quebec-ch Elite"]
[Site "Montreal CAN"]
[Date "2011.10.09"]
[Round "4"]
[White "Gauthier, Denis"]
[Black "Sprumont, Oscar"]
[Result "1/2-1/2"]
[WhiteElo "1974"]
[BlackElo "1676"]
[PlyCount "147"]
[GameId "2160767909648132"]
[EventDate "2011.10.07"]
[EventType "swiss"]
[EventRounds "7"]
[EventCountry "CAN"]
[SourceTitle "hb 2011"]

1. d4 d5 2. c4 e6 3. Nc3 Be7 4. Bf4 Nf6 5. e3 O-O 6. Nf3 c5 7. dxc5 Bxc5 8. Qc2 Qe7 9. Be2 Nc6 10. a3 dxc4 11. Bxc4 h6 12. Bg3 Nd7 13. Rd1 Rd8 14. b4 Nb6 15. Bb3 Bd6 16. Bxd6 Rxd6 17. O-O Rxd1 18. Rxd1 Nd7 19. Ne4 Nf6 20. Nd6 a6 21. e4 Ne8 22. e5 Nxd6 23. exd6 Qd7 24. Qc5 b5 25. Nd2 Bb7 26. Qb6 Nd8 27. Ba2 Qc6 28. Qxc6 Bxc6 29. Rc1 Kf8 30. f3 Ke8 31. Ne4 Bxe4 32. fxe4 Kd7 33. e5 Rc8 34. Rf1 Rc2 35. Bb1 Re2 36. Rc1 Rxe5 37. Kf2 Rd5 38. Rc7+ Kxd6 39. Ra7 Kc6 40. Be4 Kb6 41. Re7 Rd6 42. Ke3 g6 43. Bf3 f5 44. Rh7 h5 45. Re7 Nc6 46. Rg7 e5 47. h4 a5 48. bxa5+ Kxa5 49. Rg8 Nd4 50. Bd1 b4 51. Ra8+ Ra6 52. axb4+ Kb5 53. Rb8+ Rb6 54. Re8 Ne6 55. Bb3 Nd4 56. Rxe5+ Kxb4 57. Bf7 Rf6 58. Bd5 Nc6 59. Re6 Rxe6+ 60. Bxe6 Kc5 61. Kf4 Kd6 62. Bb3 Nd4 63. Bc4 Ne6+ 64. Ke3 Ke5 65. g3 f4+ 66. gxf4+ Nxf4 67. Kf3 Kf5 68. Bb5 g5 69. Bd7+ Kf6 70. hxg5+ Kxg5 71. Bc8 Ng6 72. Be6 Ne5+ 73. Kg3 Nd3 74. Bc8 1/2-1/2

[Event "Quebec-ch Elite"]
[Site "Montreal CAN"]
[Date "2011.10.09"]
[Round "4"]
[White "Jiang, Louie"]
[Black "Gulko, Andrei"]
[Result "1-0"]
[WhiteElo "2351"]
[BlackElo "2162"]
[PlyCount "57"]
[GameId "2160767909648134"]
[EventDate "2011.10.07"]
[EventType "swiss"]
[EventRounds "7"]
[EventCountry "CAN"]
[SourceTitle "hb 2011"]

1. e4 e5 2. Nf3 Nf6 3. Nxe5 d6 4. Nf3 Nxe4 5. Nc3 Nxc3 6. dxc3 Be7 7. Be3 Nc6 8. Qd2 Be6 9. O-O-O Qd7 10. h3 Ne5 11. Nd4 Bc4 12. b3 Bxf1 13. Rhxf1 O-O-O 14. f4 Nc6 15. Bg1 Rde8 16. g4 Bf6 17. Nxc6 Qxc6 18. Bd4 Re4 19. Bxf6 gxf6 20. Kb2 Rhe8 21. Rfe1 f5 22. gxf5 Qc5 23. Rxe4 Rxe4 24. f6 Qf5 25. Qg2 Qg6 26. Qf2 Qxf6 27. Qxa7 Qxf4 28. Rg1 b6 29. Rg4 1-0

[Event "Quebec-ch Elite"]
[Site "Montreal CAN"]
[Date "2011.10.09"]
[Round "4"]
[White "Larochelle, Martial"]
[Black "Zhu, Hong Rui"]
[Result "1-0"]
[WhiteElo "2262"]
[BlackElo "2101"]
[PlyCount "85"]
[GameId "2160767909648135"]
[EventDate "2011.10.07"]
[EventType "swiss"]
[EventRounds "7"]
[EventCountry "CAN"]
[SourceTitle "hb 2011"]

1. c4 c5 2. Nf3 Nc6 3. Nc3 e5 4. g3 g6 5. Bg2 Bg7 6. O-O d6 7. a3 Nge7 8. b4 O-O 9. Rb1 Rb8 10. d3 Nd4 11. bxc5 Nxf3+ 12. Bxf3 dxc5 13. Be3 Qc7 14. Nb5 Qb6 15. a4 Bh3 16. a5 Qd8 17. Bxc5 Bxf1 18. Kxf1 a6 19. Nc3 Re8 20. Bb6 Qd7 21. Bg2 Nc6 22. Nd5 Ne7 23. Nxe7+ Qxe7 24. Ba7 Rbd8 25. Rxb7 Qe6 26. Qb3 Qf5 27. Be4 Qh3+ 28. Kg1 f5 29. Bg2 Qh6 30. Be3 f4 31. Bd2 Rf8 32. c5+ Kh8 33. c6 Qh5 34. Bf3 Qh3 35. gxf4 exf4 36. Bc3 Rg8 37. Rxg7 Rxg7 38. Qf7 Rdg8 39. Bd5 Qg4+ 40. Kh1 Qc8 41. Qxg8+ Qxg8 42. Bxg8 Kxg8 43. Bxg7 1-0

[Event "Quebec-ch Elite"]
[Site "Montreal CAN"]
[Date "2011.10.09"]
[Round "4"]
[White "Le Duin, Thierry"]
[Black "Guo, Forest"]
[Result "0-1"]
[WhiteElo "2100"]
[BlackElo "1917"]
[PlyCount "86"]
[GameId "2160767909648136"]
[EventDate "2011.10.07"]
[EventType "swiss"]
[EventRounds "7"]
[EventCountry "CAN"]
[SourceTitle "hb 2011"]

1. d4 d5 2. Nf3 Nf6 3. c3 e6 4. Bg5 c5 5. e3 Nc6 6. Bd3 Be7 7. Nbd2 b6 8. O-O Bb7 9. Ne5 O-O 10. f4 Rc8 11. Rf3 Ne4 12. Nxe4 dxe4 13. Bxe4 Nxe5 14. Bxh7+ Kxh7 15. Rh3+ Kg8 16. Qh5 f6 17. dxe5 fxg5 18. fxg5 Qd5 19. Qh7+ Kf7 20. Rf1+ Ke8 21. Qh5+ g6 22. Qxg6+ Kd7 23. Rhf3 Rxf3 24. gxf3 Qd2 25. h4 Qxe3+ 26. Kg2 Qe2+ 27. Rf2 Bxf3+ 28. Kg3 Qxe5+ 29. Kxf3 Rf8+ 30. Kg2 Qd5+ 31. Kf1 Qh1+ 32. Ke2 Rxf2+ 33. Kxf2 Qxh4+ 34. Ke2 Qg4+ 35. Ke1 Qxg5 36. Qd3+ Kc7 37. Qa6 Qc1+ 38. Ke2 Qxb2+ 39. Kd3 Qb1+ 40. Ke2 Qe4+ 41. Kf1 Bh4 42. Qxa7+ Qb7 43. Qa4 Qf3+ 0-1

[Event "Quebec-ch Elite"]
[Site "Montreal CAN"]
[Date "2011.10.09"]
[Round "4"]
[White "Leutschaft, Martin"]
[Black "MacKinnon, Keith"]
[Result "0-1"]
[WhiteElo "2155"]
[BlackElo "2241"]
[PlyCount "88"]
[GameId "2160767909648137"]
[EventDate "2011.10.07"]
[EventType "swiss"]
[EventRounds "7"]
[EventCountry "CAN"]
[SourceTitle "hb 2011"]

1. e4 c5 2. c3 d5 3. exd5 Qxd5 4. d4 Nf6 5. Nf3 e6 6. Be2 Nc6 7. O-O Be7 8. Na3 Qd8 9. dxc5 Qxd1 10. Rxd1 Bxc5 11. Nc4 Ne4 12. Be3 Bxe3 13. Nxe3 Ke7 14. Nd4 Bd7 15. Bf3 Nxd4 16. Rxd4 Nc5 17. b4 Na4 18. c4 Bc6 19. Bxc6 bxc6 20. c5 Rhd8 21. Rxd8 Rxd8 22. Nc4 Rd5 23. f4 f6 24. Rc1 Rd3 25. Kf1 Nc3 26. Nb2 Re3 27. Nc4 Rd3 28. Ke1 Nxa2 29. Ra1 Nxb4 30. Rxa7+ Rd7 31. Rxd7+ Kxd7 32. Kd2 Ke7 33. g3 Na6 34. Na5 Kd7 35. Nb3 e5 36. fxe5 fxe5 37. Ke3 Ke6 38. Ke4 Nb8 39. Na5 h5 40. h3 Kf6 41. Ke3 Kf5 42. Nc4 Ke6 43. Kd3 Nd7 44. Na5 Kd5 0-1

[Event "Quebec-ch Elite"]
[Site "Montreal CAN"]
[Date "2011.10.09"]
[Round "4"]
[White "Libersan, Thierry"]
[Black "Lepine, Cedric"]
[Result "1-0"]
[WhiteElo "2119"]
[BlackElo "2098"]
[PlyCount "62"]
[GameId "2160767909648138"]
[EventDate "2011.10.07"]
[EventType "swiss"]
[EventRounds "7"]
[EventCountry "CAN"]
[SourceTitle "hb 2011"]

1. e4 Nf6 2. e5 Nd5 3. d4 d6 4. Nf3 g6 5. Be2 Bg7 6. O-O O-O 7. c4 Nb6 8. exd6 cxd6 9. Nc3 Nc6 10. Be3 Bf5 11. Qd2 e5 12. d5 Ne7 13. h3 Rc8 14. b3 Re8 15. g4 Bd7 16. Ne4 f5 17. Nxd6 fxg4 18. hxg4 Bxg4 19. Nxe8 Qxe8 20. Ng5 Bd7 21. Ne4 Bh3 22. Rfe1 Nf5 23. Ng5 Nxe3 24. Qxe3 Bf5 25. Ne4 Qd8 26. Bf3 Nd7 27. Rad1 Nf6 28. Nxf6+ Qxf6 29. d6 Rd8 30. Bd5+ Kh8 31. c5 Qh4 1-0

[Event "Quebec-ch Elite"]
[Site "Montreal CAN"]
[Date "2011.10.09"]
[Round "4"]
[White "Pichette, Mickaelin"]
[Black "Robichaud, Louis"]
[Result "0-1"]
[WhiteElo "1893"]
[BlackElo "2157"]
[PlyCount "80"]
[GameId "2160767909648139"]
[EventDate "2011.10.07"]
[EventType "swiss"]
[EventRounds "7"]
[EventCountry "CAN"]
[SourceTitle "EXT 2022"]
[Source "ChessBase"]
[SourceDate "2021.10.06"]
[SourceVersion "1"]
[SourceVersionDate "2021.10.06"]
[SourceQuality "1"]

1. d4 Nf6 2. c4 g6 3. Nc3 Bg7 4. e4 d6 5. f4 O-O 6. Nf3 c5 7. d5 e6 8. Bd3 exd5 9. cxd5 c4 10. Bc2 b5 11. O-O b4 12. Na4 Re8 13. Re1 Bg4 14. Bd2 a5 15. h3 Bxf3 16. Qxf3 Nbd7 17. Rad1 Qb8 18. b3 c3 19. Be3 Re7 20. Bd4 Qe8 21. Kf2 Nh5 22. g4 Bxd4+ 23. Rxd4 Nhf6 24. g5 Nh5 25. e5 dxe5 26. d6 Re6 27. fxe5 Qb8 28. Rd5 Qa7+ 29. Kg2 Rae8 30. Bf5 Nxe5 31. d7 Nxd7 32. Bxe6 fxe6 33. Rb5 Rf8 34. Rb7 Qd4 35. Qe3 Qd5+ 36. Qe4 Qxg5+ 37. Qg4 Qd2+ 38. Re2 Nf4+ 39. Kh2 Nxe2 40. Qxe6+ Kh8 0-1

[Event "Quebec-ch Elite"]
[Site "Montreal CAN"]
[Date "2011.10.09"]
[Round "4"]
[White "Seguin, Rene"]
[Black "Drolet, Stephane"]
[Result "0-1"]
[WhiteElo "1954"]
[BlackElo "2187"]
[PlyCount "128"]
[GameId "2160767909648142"]
[EventDate "2011.10.07"]
[EventType "swiss"]
[EventRounds "7"]
[EventCountry "CAN"]
[SourceTitle "hb 2011"]

1. c4 Nf6 2. g3 c6 3. Bg2 d5 4. Nf3 Bg4 5. Qb3 Qb6 6. Qxb6 axb6 7. cxd5 Nxd5 8. Nc3 e6 9. O-O Be7 10. d3 Nd7 11. Bd2 O-O 12. h3 Bh5 13. Nxd5 exd5 14. Bc3 b5 15. a3 Ra4 16. g4 Bg6 17. Rac1 Re8 18. Rfe1 h5 19. g5 h4 20. d4 Bh5 21. e3 Bxf3 22. Bxf3 Bxg5 23. Bb4 Be7 24. Bxe7 Rxe7 25. Kh2 Nf6 26. Rg1 Re8 27. Bd1 Rc4 28. Bb3 Rxc1 29. Rxc1 Ne4 30. Rc2 g5 31. Re2 Kg7 32. Bc2 Nd6 33. Bd3 f5 34. Kg2 Kf6 35. f3 Ra8 36. Kf2 Ra4 37. Rc2 b4 38. axb4 Rxb4 39. Ke2 Nc4 40. Bxc4 Rxc4 41. Rd2 Rc1 42. Kf2 Ke6 43. Kg2 Rb1 44. Kf2 b6 45. Rc2 Kd6 46. Re2 c5 47. dxc5+ bxc5 48. e4 fxe4 49. fxe4 dxe4 50. Ke3 Ke5 51. Rc2 Re1+ 52. Kf2 Rh1 53. Kg2 Rb1 54. Rxc5+ Kf4 55. Rc2 Ke3 56. Rc3+ Ke2 57. Rc5 Rxb2 58. Rxg5 e3 59. Rd5 Ke1+ 60. Kg1 e2 61. Kg2 Rb3 62. Rd7 Rg3+ 63. Kh2 Kf2 64. Rf7+ Rf3 0-1

[Event "Quebec-ch Elite"]
[Site "Montreal CAN"]
[Date "2011.10.09"]
[Round "4"]
[White "Wu, Qiyou"]
[Black "Cossette, Daniel"]
[Result "1/2-1/2"]
[WhiteElo "1863"]
[BlackElo "2031"]
[PlyCount "123"]
[GameId "2160767909648143"]
[EventDate "2011.10.07"]
[EventType "swiss"]
[EventRounds "7"]
[EventCountry "CAN"]
[SourceTitle "hb 2011"]

1. e4 c5 2. Nf3 Nc6 3. d4 cxd4 4. Nxd4 g6 5. Nc3 Bg7 6. Be3 Nf6 7. Bc4 O-O 8. Bb3 a5 9. a4 Ng4 10. Qxg4 Nxd4 11. Qd1 Nxb3 12. cxb3 d6 13. O-O Be6 14. f4 Ra6 15. f5 Bd7 16. Nd5 Bc6 17. Bd4 Bxd5 18. Bxg7 Kxg7 19. Qxd5 Rc6 20. Kh1 f6 21. Rad1 Qc7 22. h4 Rc5 23. Qd3 Rc8 24. Rf3 Rc1 25. Rg3 Rxd1+ 26. Qxd1 Qc1 27. Qxc1 Rxc1+ 28. Kh2 Re1 29. h5 g5 30. Rc3 Rxe4 31. Rc7 Kf7 32. Rxb7 Re5 33. b4 axb4 34. Rxb4 Rxf5 35. Rb3 Ke8 36. Rb8+ Kd7 37. Rh8 d5 38. Rb8 d4 39. Rb3 Rd5 40. Rd3 e5 41. Kg3 e4 42. Rd1 f5 43. b4 f4+ 44. Kf2 d3 45. a5 Kc6 46. Ke1 Kb5 47. Ra1 Kxb4 48. a6 Rd8 49. a7 Ra8 50. Kd2 Kb5 51. g3 Kb6 52. Ra4 Rxa7 53. Rxe4 Ra2+ 54. Kxd3 Ra3+ 55. Ke2 Rxg3 56. Re7 Re3+ 57. Rxe3 fxe3 58. h6 Kc5 59. Kxe3 Kd5 60. Kf3 Ke5 61. Kg4 Kf6 62. Kh5 1/2-1/2

[Event "Quebec-ch Elite"]
[Site "Montreal CAN"]
[Date "2011.10.09"]
[Round "5"]
[White "Cossette, Daniel"]
[Black "Leutschaft, Martin"]
[Result "1-0"]
[WhiteElo "2155"]
[BlackElo "2031"]
[PlyCount "47"]
[GameId "2160767909648145"]
[EventDate "2011.10.07"]
[EventType "swiss"]
[EventRounds "7"]
[EventCountry "CAN"]
[SourceTitle "hb 2011"]

1. e4 e5 2. Nf3 Nf6 3. Nxe5 d6 4. Nxf7 Kxf7 5. Nc3 Be7 6. Bc4+ Be6 7. Bxe6+ Kxe6 8. d4 Re8 9. O-O Kf7 10. f4 Kg8 11. Qf3 c6 12. Be3 Bf8 13. e5 Nfd7 14. Qh3 d5 15. f5 c5 16. e6 cxd4 17. Bxd4 Nf6 18. Rad1 Nc6 19. Bxf6 Qxf6 20. Nxd5 Qxb2 21. f6 Bc5+ 22. Kh1 Rf8 23. e7 Rf7 24. Qd7 1-0